[Event "Oberbayern Bezirksliga 1617"]
[Site "Germany"]
[Date "2017.04.30"]
[Round "9.8"]
[White "Weidner, Hermann"]
[Black "Schmid, Dieter"]
[Result "1-0"]
[WhiteElo "1600"]
[BlackElo "1718"]
[PlyCount "101"]
[EventDate "2016.10.16"]
[EventType "team-tourn"]
[EventRounds "9"]
[EventCountry "GER"]
[SourceTitle "EXT 2019"]
[Source "ChessBase"]
[SourceDate "2018.10.10"]
[SourceVersion "1"]
[SourceVersionDate "2018.10.10"]
[SourceQuality "1"]
[WhiteTeam "Wolfratshausen"]
[BlackTeam "Pang/Rosenheim"]
[WhiteTeamCountry "GER"]
[BlackTeamCountry "GER"]

1. d4 Nf6 2. c4 g6 3. Nc3 Bg7 4. e4 d6 5. Be2 0-0 6. Be3 c6 7. Nf3 Bg4 8. h3 Bxf3 9. Bxf3 e5 10. d5 h6 11. g4 Kh7 12. h4 Ng8 13. g5 h5 14. Bxh5 Ne7 15. Be2 Rh8 16. h5 gxh5 17. Bxh5 Kg8 18. Qf3 Ng6 19. 0-0-0 c5 20. Qf5 Qe8 21. Nb5 Rxh5 22. Rxh5 Qd7 23. Qxd7 Nxd7 24. Nxd6 b6 25. Rf1 Nf4 26. Rh4 Ng6 27. Rg4 Bf8 28. Nf5 Re8 29. Re1 Be7 30. f4 exf4 31. Nxe7+ Rxe7 32. Bxf4 Nde5 33. Bxe5 Nxe5 34. Rg3 Nxc4 35. Kc2 Re5 36. Re2 Kg7 37. Kd3 Nd6 38. b3 Kg6 39. Rg1 Kg7 40. Rg4 Nb5 41. Rf2 Re7 42. Rf6 Rd7 43. g6 Kxf6 44. g7 Rd8 45. g8Q Rxg8 46. Rxg8 Ke7 47. e5 Kd7 48. Ra8 a5 49. Rb8 Nc7 50. Rxb6 Ke7 51. d6+ 1-0